| 000 | 00326nam a22000977a 4500 | ||
|---|---|---|---|
| 999 |
_c507116 _d507116 |
||
| 082 | _aT13x5451 I | ||
| 100 |
_aDirectorate of Economics and Statistics _9721 |
||
| 245 |
_aIndex of Industtrial Production _cby Andhra Pradesh |
||
| 260 |
_aGovernment of Andhra Pradesh _bDirectorate of Economics and Statistics _c2011 |
||
| 300 | _a56p. | ||